Los orígenes del español de América

Guardat en:
Dades bibliogràfiques
Autor principal: Garrido Domínguez, Antonio (Autor)
Format: Llibre
Idioma:espanyol
Publicat: Madrid Mapfre 1992
Col·lecció:Colección Idioma e Iberoamérica, 7
Matèries:
Etiquetes: Afegir etiqueta
Sense etiquetes, Sigues el primer a etiquetar aquest registre!

MARC

LEADER 00000nam a2200000 a 4500
001 UCX6589
003 CL-VaPUC
008 930728e19920000SP |||||||||||||||||spa|d
082 0 4 |a 460.9  |b GAR  |2 21 
100 |a Garrido Domínguez, Antonio  |e author  |9 428349 
245 1 4 |a Los orígenes del español de América 
300 |a 290 p 
942 |c BK 
945 |d 19930728 00:00:00 
260 |a Madrid  |b Mapfre  |c 1992 
650 7 |a ESPAÑOL HISTORIA  |2 CL-VaPUC  |9 316494 
651 0 |a América  |9 255182 
583 |a last modification  |c 19930728 00:00:00  |k Rodrigo Vera 
490 0 |a Colección Idioma e Iberoamérica, 7 
999 |c 226587  |d 226585 
952 |0 0  |1 0  |4 0  |6 460_900000000000000_GAR_1992  |7 0  |8 A  |9 225081  |a BIBHIS  |b BIBHIS  |d 2019-11-15  |i 2937816  |o 460.9 GAR 1992  |p 2937816  |r 2025-01-20  |w 2019-11-15  |y BK  |k HIS 
952 |0 0  |1 0  |4 0  |6 460_900000000000000_GAR_1992  |7 0  |8 A  |9 225082  |a FDOPOS  |b FDOPOS  |d 2019-11-15  |i 4269322  |o 460.9 GAR 1992  |p 4269322  |r 2025-01-22  |w 2019-11-15  |y BK  |k MLA